00584 2200193 4500001002100000005001500021035002000036245013500056100001800191250001000209300002400219006001800243008003900261260004600300082000700346084001300353600001000366990001400376INLIS00000000001004320260603015403 a0010-06260000031 aIMPLEMENTASI E - GOVERNMENT BIROKRASI DALAM MENUNJANG KINERJA PELAYANAN PUBLIK PADA PENGADILAN AGAMA PULANG PISAU /cFANDI TRIANDI0 aFANDI TRIANDI aCet 1 axv, 85 hlm :bilus.a 260603 | | |  aPalangka Raya :bPerpustakaan UMPR,c2025 a81 a81 FAN i 4aTESIS a238122103